The changing face of the earth : (Record no. 127789)

MARC details
000 -LEADER
fixed length control field 00853nam a22002537a 4500
003 - CONTROL NUMBER IDENTIFIER
control field dpl
005 - DATE AND TIME OF LATEST TRANSACTION
control field 20170124110030.0
008 - FIXED-LENGTH DATA ELEMENTS--GENERAL INFORMATION
fixed length control field 161214b xxu||||| |||| 00| 0 eng d
010 ## - LIBRARY OF CONGRESS CONTROL NUMBER
LC control number 813829
020 ## - INTERNATIONAL STANDARD BOOK NUMBER
Terms of availability 00.00
035 ## - SYSTEM CONTROL NUMBER
System control number 813829
037 ## - SOURCE OF ACQUISITION
Source of stock number/acquisition Cen Lib/Ret
040 ## - CATALOGING SOURCE
Original cataloging agency DPL
Language of cataloging EN
Transcribing agency TIT
082 ## - DEWEY DECIMAL CLASSIFICATION NUMBER
Classification number 550
Item number RYA
100 ## - MAIN ENTRY--PERSONAL NAME
Personal name Ryabchikov, A.
9 (RLIN) 21550
245 ## - TITLE STATEMENT
Title The changing face of the earth :
Statement of responsibility, etc by A. Ryabchikov ; translated by John Williams
Remainder of title the structure and dynamic of the geosphere, its the natural development and the changes caused by man /
260 ## - PUBLICATION, DISTRIBUTION, ETC. (IMPRINT)
Place of publication, distribution, etc Moscow
Name of publisher, distributor, etc Progress Publishers
Date of publication, distribution, etc 1975
300 ## - PHYSICAL DESCRIPTION
Extent 205p. :
Dimensions 20cm(Hb)
Other physical details ill.
500 ## - GENERAL NOTE
General note Includes bibliographical references.
650 ## - SUBJECT ADDED ENTRY--TOPICAL TERM
Topical term or geographic name as entry element Science
9 (RLIN) 10795
650 ## - SUBJECT ADDED ENTRY--TOPICAL TERM
Topical term or geographic name as entry element Earth Science
9 (RLIN) 20709
700 ## - ADDED ENTRY--PERSONAL NAME
Personal name Williams, John
9 (RLIN) 21551
942 ## - ADDED ENTRY ELEMENTS (KOHA)
Source of classification or shelving scheme Dewey Decimal Classification
Koha item type English Books
Classification part 550
Call number suffix RYA
Holdings
Withdrawn status Lost status Source of classification or shelving scheme Damaged status Not for loan Home library Current library Date acquired Source of acquisition Cost, normal purchase price Total Checkouts Full call number Barcode Date last seen Copy number Cost, replacement price Price effective from Koha item type
    Dewey Decimal Classification     Central Library Central Library 30/06/2015 Cen Lib/Ret 0.00   550 RYA 813829 30/06/2015 1 0.00 30/06/2015 English Books

© Delhi Public Library
Hit Counter
free hit counter